000 00637nam a2200217Ia 4500
001 1122
003 GE_BSU
008 181216s||||||||xx |||||||||||||| ||und||
040 _cGE_BSU
080 _a796(075.8)
245 _aХудожественная гимнастика
245 _bУч. пособ.для студ. ин-тов физич. культуры
245 _cПод ред. Л.П.Орлова
260 _aМосква
260 _bФизкультура и спорт
260 _c1973
300 _a188стр.
541 _h7л.
653 _aХудожественная гимнастика
942 _cBK
999 _c35273
_d35273